000 01955cam a22004934i 4500
003 PE-LiUPU
005 20250731173117.0
008 190816s2010 bl a r 000 0 pg d
020 _a8578070461
020 _a9788578070465
035 _a(Sirsi) a252508
040 _aPE-LiUPU
_bspa
_cPE-LiUPU
_erda
049 _aPRUA
082 0 4 _a286.732
_bC38
_223
100 1 _aCavalcanti, Abdoval,
_eautor.
245 1 0 _aLuzeiros :
_bconhecaa surpreendente históriadas lanchas missionárias adventistas no Brasil /
_cAbdoval Cavalcanti.
250 _a1era. edición.
264 1 _aNiterói :
_bAdos,
_c2010.
300 _a130 páginas :
_bilustraciones ;
_c22 centímetros.
336 _atext
_2rdacontent
337 _aunmediated
_2rdamedia
338 _avolume
_2rdacarrier
505 0 _aJames Edson White e a Morning Star -- Hans G. Mayr Brachert -- Leo Blair Halliwell, o "Scheitzer" da amazonia brasileira -- Walter Streithrost, Fred Pritchard e a luzeiro I -- Lanchas no nordeste do Brasil -- As lanchas na regiao centro-oeste -- As lanchas na regiao sudeste - Sao paulo -- As lanchasna regiao norte -- Reconhecimiento público a obra médico-missionaria adventista -- Luzeiros no amazonas - "Anjo Branco".
526 _aSEG42
526 _aSEG41
526 _aSEG40
526 _aSEG39
526 _aP94
526 _aP87
526 _aP86
526 _aP85
526 _aP77
526 _aP76
526 _aP35
650 0 4 _aIglesia adventista del septimo dia.
_94138
650 0 4 _aNaves hospitalarias.
650 0 4 _aMedicos misioneros.
910 _abgr
_bksl
_cksl
_d20190816
942 _2ddc
_cBOOK
994 _aC0
_bPEPRU
596 _a1
999 _a286.732 C38
_wDEWEY
_c31737
_i80631
_f2021-11-11
_g3
_lCCODEBUL1
_mBUL
_p10.00
_r0
_sY
_tBOOK
_u2019-8-16
_xTEOLOGIA
_PP35
_0DONACION
_o.STAFF. Colección Ciencias Humanas y Educación
_d31737
980 _81
_gALBERTO SANCHEZ Responsable de Automatización